| 000 | 00350nam a2200133Ia 4500 | ||
|---|---|---|---|
| 008 | 240624s9999 xx 000 0 und d | ||
| 041 | _aeng | ||
| 082 | _a300.72 BOJ | ||
| 100 | _aBOJE DAVID M | ||
| 245 | _aNARRATIVE METHODS FOR ORGANIZATIONAL AND | ||
| 260 |
_c2001 _aLondon _bSage International |
||
| 300 | _a152 : p. : cm. ; 23 | ||
| 365 |
_cGBP _b38 |
||
| 999 |
_c23260 _d23260 |
||